Unités urbaines des Hautes-Pyrénées sur une carte - Statistiques

Statistiques générales
  • Ce quiz a été pris 72 fois
  • Le résultat moyen est 23 sur 78
Réponses sur la Carte
Les réponses sont colorées sur une échelle allant du rouge au vert en fonction du pourcentage des utilisateurs qui les ont devinées à leur premier essai. Vous pouvez retrouver ces pourcentages ci-dessous.
 
Statistiques - réponses
Réponse % Correct
Unité urbaine de Tarbes Tarbes
97%
Unité urbaine de Lourdes Lourdes
90%
Unité urbaine de Bagnères-de-Bigorre Bagnères-de-Bigorre
87%
Unité urbaine d'Argelès-Gazost Argelès-Gazost
67%
Unité urbaine de Juillan Lanne
63%
Unité urbaine de Vic-en-Bigorre Vic-en-Bigorre
63%
Unité urbaine de Lannemezan Lannemezan
57%
Unité urbaine de Bagnères-de-Bigorre Campan
53%
Unité urbaine de Lourdes Ger
50%
Unité urbaine de Juillan Juillan
50%
Unité urbaine de Bagnères-de-Bigorre Pouzac
50%
Unité urbaine d'Argelès-Gazost Saint-Savin
50%
Unité urbaine de Lourdes Adé
47%
Unité urbaine de Lourdes Saint-Créac
47%
Unité urbaine de Maubourguet Maubourguet
43%
Unité urbaine d'Ossun Ossun
43%
Unité urbaine de Bagnères-de-Bigorre Asté
40%
Unité urbaine de Tarbes Aureilhan
40%
Unité urbaine de Tarbes Barbazan-Debat
40%
Unité urbaine de Luz-Saint-Sauveur Luz-Saint-Sauveur
40%
Unité urbaine de Tarbes Séméac
40%
Unité urbaine de Bagnères-de-Bigorre Beaudéan
37%
Unité urbaine de Tarbes Bordères-sur-l'Échez
37%
Unité urbaine de Bagnères-de-Bigorre Gerde
37%
Unité urbaine de Tarbes Laloubère
37%
Unité urbaine de Tarbes Soues
37%
Unité urbaine de Bagnères-de-Bigorre Trébons
37%
Unité urbaine d'Argelès-Gazost Arrens-Marsous
33%
Unité urbaine de Bagnères-de-Bigorre Labassère
33%
Unité urbaine de Bagnères-de-Bigorre Neuilh
33%
Unité urbaine de Tarbes Odos
33%
Unité urbaine de Bagnères-de-Bigorre Ordizan
33%
Unité urbaine d'Argelès-Gazost Aucun
30%
Unité urbaine de Juillan Louey
30%
Unité urbaine de Lourdes Arcizac-ez-Angles
27%
Unité urbaine de Lannemezan La Barthe-de-Neste
27%
Unité urbaine d'Argelès-Gazost Ayzac-Ost
23%
Unité urbaine de Lourdes Bartrès
23%
Unité urbaine de Juillan Bénac
23%
Unité urbaine d'Argelès-Gazost Gez
23%
Unité urbaine de Lourdes Lézignan
23%
Unité urbaine de Tarbes Orleix
23%
Unité urbaine de Lourdes Aspin-en-Lavedan
20%
Unité urbaine de Lourdes Julos
20%
Unité urbaine d'Argelès-Gazost Lau-Balagnas
20%
Unité urbaine de Lourdes Lugagnan
20%
Unité urbaine de Tarbes Momères
20%
Unité urbaine d'Argelès-Gazost Arcizans-Avant
17%
Unité urbaine d'Argelès-Gazost Arcizans-Dessus
17%
Unité urbaine d'Argelès-Gazost Arras-en-Lavedan
17%
Unité urbaine de Lourdes Bourréac
17%
Unité urbaine d'Argelès-Gazost Bun
17%
Unité urbaine de Luz-Saint-Sauveur Esquièze-Sère
17%
Unité urbaine de Tarbes Horgues
17%
Unité urbaine de Lourdes Jarret
17%
Unité urbaine de Luz-Saint-Sauveur Sassis
17%
Unité urbaine de Luz-Saint-Sauveur Betpouey
13%
Unité urbaine de Tarbes Bours
13%
Unité urbaine de Luz-Saint-Sauveur Chèze
13%
Unité urbaine de Luz-Saint-Sauveur Esterre
13%
Unité urbaine d'Argelès-Gazost Gaillagos
13%
Unité urbaine de Tarbes Salles-Adour
13%
Unité urbaine de Tarbes Sarrouilles
13%
Unité urbaine de Luz-Saint-Sauveur Sazos
13%
Unité urbaine d'Argelès-Gazost Sireix
13%
Unité urbaine de Lourdes Viger
13%
Unité urbaine de Juillan Barry
10%
Unité urbaine de Vic-en-Bigorre Camalès
10%
Unité urbaine de Tarbes Chis
10%
Unité urbaine de Luz-Saint-Sauveur Grust
10%
Unité urbaine de Lannemezan Izaux
10%
Unité urbaine de Pontacq (64) Lamarque-Pontacq
10%
Unité urbaine de Lannemezan Lortet
10%
Unité urbaine de Montréjeau (31) Mazères-de-Neste
10%
Unité urbaine de Luz-Saint-Sauveur Saligos
10%
Unité urbaine de Luz-Saint-Sauveur Sers
10%
Unité urbaine de Luz-Saint-Sauveur Viella
10%
Unité urbaine de Luz-Saint-Sauveur Viey
10%
Aucun quiz correspondant
Distribution des résultats
% des personnes avec chaque résultat
Percentile par nombre de réponses
Votre historique - résultats
Vous n’avez pas pris ce quiz